Mycotoxins in Foodstuffs

Due to the serious spoilage and health issues the presence of mycotoxins can cause, it’s imperative that the food industry has a basic understanding fungi and their corresponding mycotoxins. An indispensable resource, Mycotoxins in Foodstuffs gives an in depth overview by listing the degree of conta...

Full description

Bibliographic Details
Corporate Author: SpringerLink (Online service)
Other Authors: Weidenboörner, Martin (Editor)
Format: Electronic eBook
Language:English
Published: New York, NY : Springer New York, 2008.
Subjects:
Online Access:Full Text via HEAL-Link
LEADER 01947nam a22004575i 4500
001 978-0-387-73689-1
003 DE-He213
005 20151204184704.0
007 cr nn 008mamaa
008 100301s2008 xxu| s |||| 0|eng d
020 |a 9780387736891  |9 978-0-387-73689-1 
024 7 |a 10.1007/978-0-387-73689-1  |2 doi 
040 |d GrThAP 
050 4 |a TP248.65.F66 
072 7 |a TDCT  |2 bicssc 
072 7 |a TEC012000  |2 bisacsh 
082 0 4 |a 641.3  |2 23 
082 0 4 |a 664  |2 23 
245 1 0 |a Mycotoxins in Foodstuffs  |h [electronic resource] /  |c edited by Martin Weidenboörner. 
264 1 |a New York, NY :  |b Springer New York,  |c 2008. 
300 |a XIV, 504 p.  |b online resource. 
336 |a text  |b txt  |2 rdacontent 
337 |a computer  |b c  |2 rdamedia 
338 |a online resource  |b cr  |2 rdacarrier 
347 |a text file  |b PDF  |2 rda 
520 |a Due to the serious spoilage and health issues the presence of mycotoxins can cause, it’s imperative that the food industry has a basic understanding fungi and their corresponding mycotoxins. An indispensable resource, Mycotoxins in Foodstuffs gives an in depth overview by listing the degree of contamination, concentration and country of origin/detection for each case of mycotoxin contamination for each commodity. In addition, the book shows whether or not food is predisposed for mycotoxin contamination. 
650 0 |a Chemistry. 
650 0 |a Analytical chemistry. 
650 0 |a Food  |x Biotechnology. 
650 0 |a Microbiology. 
650 1 4 |a Chemistry. 
650 2 4 |a Food Science. 
650 2 4 |a Analytical Chemistry. 
650 2 4 |a Microbiology. 
700 1 |a Weidenboörner, Martin.  |e editor. 
710 2 |a SpringerLink (Online service) 
773 0 |t Springer eBooks 
776 0 8 |i Printed edition:  |z 9780387736884 
856 4 0 |u http://dx.doi.org/10.1007/978-0-387-73689-1  |z Full Text via HEAL-Link 
912 |a ZDB-2-CMS 
950 |a Chemistry and Materials Science (Springer-11644)